Statistics for Pokemon that start with W

Click here to take the quiz!

General Stats

  • This quiz has been taken 405 times
    (271 since last reset)
  • The average score is 12 of 23

Answer Stats

Gen Answer % Correct
IIIWailord
81%
IIIWailmer
80%
IWartortle
73%
IIWobbuffet
71%
IWeedle
69%
IIIWynaut
68%
IIIWalrein
57%
IWeepinbell
57%
IIIWurmple
57%
IWigglytuff
52%
IIIWhiscash
52%
IIIWhismur
49%
IWeezing
48%
IIIWingull
47%
IIWooper
46%
VIIWishiwashi
46%
IVWormadam
43%
VWoobat
38%
VWhirlipede
33%
IVWeavile
32%
VIIWimpod
31%
VWhimsicott
24%
VWatchog
21%

Score Distribution

Percentile by Number Answered

Percent of People with Each Score

Your Score History

You have not taken this quiz since the last reset